000
00217nam a22000857a 4500
008
170606b xxu||||| |||| 00| 0 eng d
100
_9
3280
_a
Biswas. P
245
_a
Busy Ants
260
_a
New Delhi
_b
National Book Trust
_c
1999
999
_c
6597
_d
6597